Traffic Account Survey at Super Highway (M-9) (Record no. 531682)

000 -LEADER
fixed length control field 00402nam a22001577a 4500
003 - CONTROL NUMBER IDENTIFIER
control field NUST
005 - DATE AND TIME OF LATEST TRANSACTION
control field 20191023124118.0
008 - FIXED-LENGTH DATA ELEMENTS--GENERAL INFORMATION
fixed length control field 191023b ||||| |||| 00| 0 eng d
038 ## - RECORD CONTENT LICENSOR
Staff Name MSOHAIL
082 ## - DEWEY DECIMAL CLASSIFICATION NUMBER
Classification number 0
100 ## - MAIN ENTRY--PERSONAL NAME
Personal name Mumtaz Hussain Malik
9 (RLIN) 24629
245 ## - TITLE STATEMENT
Title Traffic Account Survey at Super Highway (M-9)
260 ## - PUBLICATION, DISTRIBUTION, ETC.
Place of publication, distribution, etc. Islamabad
Name of publisher, distributor, etc. NTRC
Date of publication, distribution, etc. 2007
300 ## - PHYSICAL DESCRIPTION
Extent 149,p;
Dimensions 25cm
Accompanying material H.B.
942 ## - ADDED ENTRY ELEMENTS (KOHA)
Source of classification or shelving scheme
Koha item type Book
Holdings
Withdrawn status Lost status Source of classification or shelving scheme Damaged status Not for loan Permanent Location Current Location Date acquired Source of acquisition Barcode Date last seen Price effective from Koha item type
          School of Civil and Environmental Engineering (SCEE) School of Civil and Environmental Engineering (SCEE) 10/23/2019 NIT NIT-11602 10/23/2019 10/23/2019 Report
© 2023 Central Library, National University of Sciences and Technology. All Rights Reserved.